[Event "Play like Paul Morphy ?"]
[Site "SchemingMind.com"]
[Date "2014.06.08"]
[Round "-"]
[White "JDan"]
[Black "berns"]
[Result "0-1"]
[WhiteCountry "POL"]
[BlackCountry "ENG"]
[WhiteElo "1537"]
[WhiteRD "52"]
[BlackElo "1585"]
[BlackRD "74"]
[GameID "359305"]

1. e4 e5 2. f4 exf4 3. Nf3 g5 4. h4 gxh4 5. Rxh4 Bd6 6. e5 Qe7 7. d4 Bb4+ 8. c3 Ba5 9. Rxf4 f6 10. Bc4 d6
11. Rxf6 Nxf6 12. Bg5 Nbd7 13. Qe2 h6 14. Bxf6 Nxf6 15. exf6 Qxe2+ 16. Kxe2 Rf8 17. f7+ Ke7 18. Nbd2 Be6 19. Bxe6 Kxe6 20. Re1 Kxf7
21. Nc4 Rae8+ 22. Kf2 Rxe1 23. Kxe1 Bb6 24. Nh4 Ke6 25. g3 c5 26. Ng6 Re8 27. Nf4+ Kf5+ 28. Kd2 Bc7 29. Nd5 Bb8 30. a4 a6
31. Ncb6 Ba7 32. Nc4 Rf8 33. Nxd6+ Ke6
0-1

[Event "Play like Paul Morphy ?"]
[Site "SchemingMind.com"]
[Date "2014.06.06"]
[Round "-"]
[White "berns"]
[Black "JDan"]
[Result "1-0"]
[WhiteCountry "ENG"]
[BlackCountry "POL"]
[WhiteElo "1585"]
[WhiteRD "74"]
[BlackElo "1537"]
[BlackRD "52"]
[GameID "359306"]

1. e4 e5 2. f4 d5 3. exd5 exf4 4. Nc3 Qh4+ 5. Ke2 Bg4+ 6. Nf3 Qe7+ 7. Kf2 Bxf3 8. Qxf3 Qh4+ 9. g3 Bc5+ 10. Kg2 fxg3
11. hxg3 Qf6 12. Qxf6 Nxf6 13. d3 Nbd7 14. Ne4 Nxd5 15. Rh5 Ne3+ 16. Bxe3 Bxe3 17. Be2 O-O-O 18. Re1 g6 19. Rb5 f5 20. Nc3 Bd2
21. Rd1 Bxc3 22. bxc3 Rhe8 23. Bf3 c6 24. Rb4 Nf6 25. Rdb1 Re7 26. a4 Nd5 27. Bxd5 Rxd5 28. Rf1 Rde5 29. Rf2 Re2 30. Rb1 b5
31. axb5 Rxf2+ 32. Kxf2 cxb5 33. Rxb5 Rf7 34. c4 f4 35. g4 g5 36. Rxg5
1-0

[Event "Play like Paul Morphy ?"]
[Site "SchemingMind.com"]
[Date "2014.06.08"]
[Round "-"]
[White "Shanks"]
[Black "David Hartley"]
[Result "0-1"]
[WhiteCountry "ENG"]
[BlackCountry "ENG"]
[WhiteElo "1442"]
[WhiteRD "71"]
[BlackElo "1800"]
[BlackRD "61"]
[GameID "359531"]

1. e4 e5 2. f4 exf4 3. Nf3 g5 4. d4 d6 5. Nc3 f6 6. Be2 Nc6 7. a3 Bd7 8. d5 Ne5 9. Nxe5 fxe5 10. Bh5+ Ke7
11. Bf3 Be8 12. O-O Nf6 13. Kf2 Bf7 14. Rh1 Qd7 15. Bd2 Re8 16. Qc1 Bh5 17. Bxh5 Nxh5 18. Qd1 Nf6 19. b4 Bg7 20. Rb1 h5
21. Ke2 Qg4+ 22. Kf2 Qxd1 23. Nxd1 Nxe4+ 24. Ke1 Nxd2 25. Kxd2 Kd7 26. Nc3 e4 27. Ne2 Rhf8 28. c4 Kc8 29. c5 Re5 30. cxd6 Rxd5+
31. Kc2 Rxd6 32. Rhd1 Rfd8 33. Rxd6 Rxd6 34. Kb3 Kd7 35. a4 Be5 36. Nc1 g4 37. Na2 f3 38. gxf3 gxf3 39. b5 e3 40. a5 e2
41. b6 axb6 42. axb6 Rxb6+ 43. Kc2 Rxb1 44. Kxb1 e1=Q+ 45. Kc2 Qe2+ 46. Kb3 Qb2+
0-1

[Event "Play like Paul Morphy ?"]
[Site "SchemingMind.com"]
[Date "2014.06.07"]
[Round "-"]
[White "David Hartley"]
[Black "Shanks"]
[Result "0-1"]
[WhiteCountry "ENG"]
[BlackCountry "ENG"]
[WhiteElo "1800"]
[WhiteRD "61"]
[BlackElo "1442"]
[BlackRD "71"]
[GameID "359532"]

1. e4 e5 2. f4 exf4 3. Nf3 h6 4. d4 g5 5. h4 Bg7 6. Nc3 d6 7. Qd3 a6 8. Bd2 Nd7 9. O-O-O Nb6 10. Re1 Bd7
11. Be2 Qe7 12. Rh2 O-O-O 13. Reh1 g4 14. Bxf4 gxf3 15. Bxf3 h5 16. g3 Kb8 17. Qd1 Nf6 18. Re2 Bc8 19. e5 dxe5 20. Bxe5 Qf8
21. Kb1 Qg8 22. Rhe1 Nfd5 23. Ne4 Bxe5 24. Rd2 Bxg3 25. Rg2 f5 26. Nxg3 Nb4 27. b3 N4d5 28. Kb2 f4 29. Nxh5 Qf7 30. Nxf4 Nxf4
31. Rf2 Rxh4 32. Qd2 Qf8 33. Re4 Qf6 34. Be2 Qh6
0-1

[Event "Play like Paul Morphy ?"]
[Site "SchemingMind.com"]
[Date "2014.06.11"]
[Round "-"]
[White "Scooter"]
[Black "Marc Wakeham"]
[Result "0-1"]
[WhiteCountry "USA"]
[BlackCountry "WLS"]
[WhiteElo "1755"]
[WhiteRD "48"]
[BlackElo "1551"]
[BlackRD "68"]
[GameID "359900"]

1. e4 e5 2. f4 exf4 3. Nf3 Bc5 4. d4 Bb6 5. Bxf4 Nf6 6. Nbd2 O-O 7. Be2 d6 8. e5 dxe5 9. dxe5 Ng4 10. Ne4 Bf5
11. Nfd2 Qd7 12. h3 Ne3 13. Bxe3 Bxe3 14. g4 Bxe4 15. Nxe4 Rd8 16. Nc3 Nc6 17. Qxd7 Rxd7 18. Bb5 Bd4 19. O-O-O Rad8 20. Bxc6 bxc6
21. Rhe1 Bxc3 22. bxc3 Kf8 23. Rxd7 Rxd7 24. Kb2 Ke7 25. c4 Ke6 26. a4 a5 27. Kc3 c5 28. Re4 c6 29. h4 Rd1 30. Kb2 Rh1
31. h5 g6 32. hxg6 fxg6 33. Kb3 h5 34. gxh5 gxh5
0-1

[Event "Play like Paul Morphy ?"]
[Site "SchemingMind.com"]
[Date "2014.06.11"]
[Round "-"]
[White "Marc Wakeham"]
[Black "Scooter"]
[Result "0-1"]
[WhiteCountry "WLS"]
[BlackCountry "USA"]
[WhiteElo "1551"]
[WhiteRD "68"]
[BlackElo "1755"]
[BlackRD "48"]
[GameID "359901"]

1. e4 e5 2. f4 d6 3. Nf3 exf4 4. d4 Bg4 5. Be2 Nc6 6. h3 Bxf3 7. Bxf3 g5 8. O-O Bg7 9. Nc3 Bxd4+ 10. Kh1 Bxc3
11. bxc3 Ne5 12. Bb2 Nc4 13. Qd4 Ne5 14. c4 h5 15. Be2 g4 16. c5 Nf6 17. Qa4+ Qd7 18. Qxd7+ Nfxd7 19. cxd6 cxd6 20. Kg1 Rc8
21. Rac1 Rg8 22. Kh2 Ke7 23. Rxf4 Rg6 24. Rcf1 Rxc2 25. Bxe5 Nxe5 26. Bd1 Rxa2 27. Bb3 Rb2 28. Bxf7 Nxf7 29. Rxf7+ Ke6 30. R7f5 gxh3
31. R5f2 Rxf2 32. Rxf2 Rxg2+
0-1

[Event "Play like Paul Morphy ?"]
[Site "SchemingMind.com"]
[Date "2014.06.12"]
[Round "-"]
[White "Kid A"]
[Black "Phillip Beckett"]
[Result "1-0"]
[WhiteCountry "FIN"]
[BlackCountry "ENG"]
[WhiteElo "1953"]
[WhiteRD "61"]
[BlackElo "1560"]
[BlackRD "47"]
[GameID "359935"]

1. e4 e5 2. f4 Qh4+ 3. g3 Qe7 4. fxe5 d6 5. Nc3 dxe5 6. Nf3 c6 7. Bc4 Bg4 8. h3 Bxf3 9. Qxf3 Nd7 10. d3 Ngf6
11. Be3 Nb6 12. Bb3 O-O-O 13. a4 g6 14. a5 Nbd7 15. Bxa7 Bg7 16. Bc4 Rhf8 17. Be3 h6 18. a6 b5 19. Bb3 Nc5 20. O-O Nxb3
21. cxb3 Nh5 22. Na2 Rxd3 23. Rfc1 Rfd8 24. Rxc6+ Kb8 25. Rac1 f5 26. Rb6+ Ka7 27. Re6+
1-0

[Event "Play like Paul Morphy ?"]
[Site "SchemingMind.com"]
[Date "2014.06.12"]
[Round "-"]
[White "Phillip Beckett"]
[Black "Kid A"]
[Result "0-1"]
[WhiteCountry "ENG"]
[BlackCountry "FIN"]
[WhiteElo "1560"]
[WhiteRD "47"]
[BlackElo "1953"]
[BlackRD "61"]
[GameID "359936"]

1. e4 e5 2. f4 exf4 3. Nf3 g5 4. Bc4 Bg7 5. O-O d6 6. d4 h6 7. Nc3 Bg4 8. e5 Nc6 9. exd6 Qxd6 10. h3 Bxd4+
11. Kh2 Bxc3 12. Qxd6 cxd6 13. bxc3 Bxf3 14. Rxf3 Nge7 15. Ba3 Ne5 16. Bxf7+ Kxf7 17. Bxd6 Nxf3+ 18. gxf3 Rhe8
0-1

[Event "Play like Paul Morphy ?"]
[Site "SchemingMind.com"]
[Date "2014.06.21"]
[Round "-"]
[White "alexyongpohweng"]
[Black "Kenny Elliott"]
[Result "0-1"]
[WhiteCountry "MAS"]
[BlackCountry "USA"]
[WhiteElo "1240"]
[WhiteRD "45"]
[BlackElo "1546"]
[BlackRD "67"]
[GameID "360263"]

1. e4 e5 2. f4 exf4 3. Qf3 Nc6 4. Qxf4 Bd6 5. Qe3 b6 6. d4 Bb7 7. d5 Ne5 8. Qd2 Nf6 9. Nf3 Nxe4 10. Qd1 O-O
11. Nxe5 Bxe5 12. c4 Qf6 13. Qf3 Qxf3 14. gxf3 Nf6 15. Nc3 Rae8 16. Bg2 Bxc3+
0-1

[Event "Play like Paul Morphy ?"]
[Site "SchemingMind.com"]
[Date "2014.06.21"]
[Round "-"]
[White "Kenny Elliott"]
[Black "alexyongpohweng"]
[Result "1-0"]
[WhiteCountry "USA"]
[BlackCountry "MAS"]
[WhiteElo "1584"]
[WhiteRD "67"]
[BlackElo "1203"]
[BlackRD "51"]
[GameID "360264"]

1. e4 e5 2. f4 exf4 3. d4 Nc6 4. Nf3 Nf6 5. Nc3 Bb4 6. Bd2 Bxc3 7. Bxc3 O-O 8. Qd2 Nxe4 9. Qxf4 Nf6 10. O-O-O b6
11. d5 Ne7 12. Bxf6 gxf6 13. Qxf6 Ng6 14. Qc3 f6 15. Bc4 d6 16. Nd4 Ne5 17. Ne6 Bxe6 18. dxe6 Kh8 19. Bd5 Rb8 20. Rhg1 Qe7
21. h4 Rbc8 22. Bb3 c6 23. g4 Rg8 24. Qh3 d5 25. Rdf1 Qxe6 26. Rf5 c5 27. c3 c4 28. Bc2 Ng6 29. Qg3 Rce8 30. h5 Ne5
31. Rgf1 Nxg4 32. Qc7 Ne3 33. Rxf6 Qe7 34. Qxe7 Rxe7 35. Rf7 Rxf7 36. Rxf7 Nxc2 37. Kxc2 h6 38. Rxa7 Rg2+ 39. Kc1 Rg1+ 40. Kc2 Rh1
41. Rb7 Rxh5 42. a4 Re5 43. Rxb6 h5 44. a5
1-0

[Event "Play like Paul Morphy ?"]
[Site "SchemingMind.com"]
[Date "2014.06.23"]
[Round "-"]
[White "kenneth m day"]
[Black "emvarela"]
[Result "0-1"]
[WhiteCountry "USA"]
[BlackCountry "ARG"]
[WhiteElo "1712"]
[WhiteRD "48"]
[BlackElo "1700"]
[BlackRD "51"]
[GameID "360295"]

1. e4 e5 2. f4 exf4 3. Nf3 Nc6 4. d4 d6 5. Bxf4 Bg4 6. Bc4 Bxf3 7. gxf3 Nf6 8. Nc3 Be7 9. Qd2 Qd7 10. O-O-O O-O-O
11. h4 Rdf8 12. Bf1 Kb8 13. Bh3 Qd8 14. Qd3 Nh5 15. Be3 Bxh4 16. Bg4 Ng3 17. Rh3 h5 18. Bf2 Bg5+ 19. Kb1 hxg4 20. Rxh8 Rxh8
21. Bxg3 gxf3 22. Qxf3 Qf6 23. Qd3 Bh4 24. Nd5 Qxd4 25. Qxd4 Nxd4 26. Bxh4 Rxh4 27. c3 Ne6 28. e5 dxe5 29. Ne3 b6 30. Nf5 Rg4
31. Rd7 f6 32. Re7 Nc5 33. Nxg7 Rg1+ 34. Kc2 Rg2+ 35. Kd1 Rxb2 36. Rf7 Rxa2 37. Rxf6 Ne4 38. Rf3 Nc5 39. Re3 Rg2 40. Nf5 a5
41. Rxe5 a4 42. Ne3 Rg1+ 43. Kc2 a3 44. Nd1 a2 45. Kb2 a1=Q+ 46. Kxa1 Rxd1+ 47. Ka2 Rd2+ 48. Ka3 Kb7 49. Re3 b5 50. Kb4 Kb6
51. Rh3 Na6+ 52. Kb3 c5 53. Rh6+ Ka5 54. c4 Rd3+ 55. Kc2 Nb4+ 56. Kb2 bxc4 57. Rh5 Nd5 58. Kc2 Kb4 59. Rh4 Ne3+ 60. Kb2 Rd2+
61. Kc1 Rc2+ 62. Kb1 Kb3 63. Rh3 Re2 64. Kc1 c3 65. Rh1 Ka2
0-1

[Event "Play like Paul Morphy ?"]
[Site "SchemingMind.com"]
[Date "2014.08.07"]
[Round "-"]
[White "Scooter"]
[Black "Clive Everill"]
[Result "1-0"]
[WhiteCountry "USA"]
[BlackCountry "CZE"]
[WhiteElo "1759"]
[WhiteRD "45"]
[BlackElo "1713"]
[BlackRD "54"]
[GameID "362658"]

1. e4 e5 2. f4 exf4 3. Nf3 h6 4. Bc4 d6 5. d3 g5 6. Nc3 Nc6 7. Bd2 Bg7 8. a3 Nd4 9. Nxd4 Bxd4 10. Qh5 Qe7
11. Nd5 Qd7 12. O-O-O c6 13. Bc3 Bxc3 14. Nxc3 Nf6 15. Qf3 b5 16. Bb3 a5 17. Rhe1 Bb7 18. e5 dxe5 19. Rxe5+ Kf8 20. Rde1 Re8
21. Rxe8+ Nxe8 22. Ne4 Qd4 23. Qh5 Qg7 24. Qg4 f6 25. Nc5 Rh7 26. Qe6 Qf7 27. Nd7+ Kg8 28. Qxe8+
1-0

[Event "Play like Paul Morphy ?"]
[Site "SchemingMind.com"]
[Date "2014.08.07"]
[Round "-"]
[White "Clive Everill"]
[Black "Scooter"]
[Result "1-0"]
[WhiteCountry "CZE"]
[BlackCountry "USA"]
[WhiteElo "1713"]
[WhiteRD "54"]
[BlackElo "1759"]
[BlackRD "45"]
[GameID "362659"]

1. e4 e5 2. f4 exf4 3. Nf3 g5 4. Bc4 Bg7 5. c3 d6 6. O-O Be6 7. Bxe6 fxe6 8. Qb3 Qc8 9. Nxg5 Ke7 10. Rxf4 Nh6
11. d4 b6 12. Nd2 Bf6 13. Ndf3 Bxg5 14. Nxg5 Nc6 15. Be3 Nd8 16. Raf1 Nhf7 17. Nxf7
1-0

[Event "Play like Paul Morphy ?"]
[Site "SchemingMind.com"]
[Date "2014.08.12"]
[Round "-"]
[White "Kenny Elliott"]
[Black "Kid A"]
[Result "0-1"]
[WhiteCountry "USA"]
[BlackCountry "FIN"]
[WhiteElo "1584"]
[WhiteRD "67"]
[BlackElo "1943"]
[BlackRD "67"]
[GameID "362786"]

1. e4 e5 2. f4 d5 3. exd5 e4 4. Nc3 Nf6 5. Bb5+ c6 6. dxc6 bxc6 7. Bc4 Bc5 8. h3 O-O 9. Nge2 Re8 10. d3 exd3
11. Bxd3 Nd5 12. Nxd5 Qh4+ 13. g3 Qxg3+ 14. Kf1 Qf2#
0-1

[Event "Play like Paul Morphy ?"]
[Site "SchemingMind.com"]
[Date "2014.08.13"]
[Round "-"]
[White "Kid A"]
[Black "Kenny Elliott"]
[Result "1-0"]
[WhiteCountry "FIN"]
[BlackCountry "USA"]
[WhiteElo "1962"]
[WhiteRD "70"]
[BlackElo "1589"]
[BlackRD "73"]
[GameID "362787"]

1. e4 e5 2. f4 d6 3. Nf3 Bg4 4. Bc4 Nf6 5. Nc3 Nc6 6. d3 Nd4 7. O-O Qd7 8. Be3 Nxf3+ 9. gxf3 Bh5 10. f5 a6
11. a4 O-O-O 12. b4 d5 13. Nxd5 Nxd5 14. Bxd5 Bxb4 15. Qb1 a5 16. c3 c6 17. Bb6 Bxc3 18. Bxd8 Bxa1 19. Qxa1 Rxd8 20. Qxe5 f6
21. Qg3 Bxf3 22. Be6
1-0

[Event "Play like Paul Morphy ?"]
[Site "SchemingMind.com"]
[Date "2014.08.23"]
[Round "-"]
[White "David Hartley"]
[Black "berns"]
[Result "1-0"]
[WhiteCountry "ENG"]
[BlackCountry "ENG"]
[WhiteElo "1845"]
[WhiteRD "62"]
[BlackElo "1646"]
[BlackRD "73"]
[GameID "363502"]

1. e4 e5 2. f4 d5 3. exd5 e4 4. c4 Nf6 5. d3 Bf5 6. Qe2 Bc5 7. dxe4 Bxe4 8. Nc3 Qe7 9. Nxe4 Nxe4 10. Nf3 f6
11. Be3 Na6 12. Bxc5 Naxc5 13. O-O-O O-O 14. Qc2 a5 15. Re1 f5 16. g3 Rad8 17. Nd2 Rde8 18. Bg2 Rf6 19. Nxe4 fxe4 20. Re3 Nd3+
21. Kd2 Nb4 22. Qb1 Nd3 23. Rf1 Qb4+ 24. Kd1 Qxc4 25. Bxe4 Nxb2+ 26. Ke1 Qb4+ 27. Kf2 Rb6 28. Bxh7+ Kh8 29. Rxe8+
1-0

[Event "Play like Paul Morphy ?"]
[Site "SchemingMind.com"]
[Date "2014.08.22"]
[Round "-"]
[White "berns"]
[Black "David Hartley"]
[Result "0-1"]
[WhiteCountry "ENG"]
[BlackCountry "ENG"]
[WhiteElo "1651"]
[WhiteRD "76"]
[BlackElo "1803"]
[BlackRD "65"]
[GameID "363503"]

1. e4 e5 2. f4 exf4 3. Nf3 Be7 4. Nc3 d6 5. d4 g5 6. d5 Bf6 7. a4 Nd7 8. Ra3 g4 9. Nd2 Bh4+ 10. Ke2 Ne5
11. g3 fxg3 12. hxg3 Bxg3 13. b4 Bh4 14. Bg2 g3 15. Nb3 Bg4+ 16. Ke1 Bxd1 17. Kxd1 Qf6 18. Nb5 Kd8 19. N5d4 Ne7 20. Nd2 N7g6
21. N2f3 Ng4 22. Rxh4 Nxh4 23. Bg5 Nxg2 24. Bxf6+ Nxf6 25. Ng5 Ke8 26. Rxg3 Nf4 27. Rf3 N4h5 28. Rf5 Ke7 29. Ngf3 Ng3 30. Rf4 Ngxe4
31. c4 Rhg8 32. Ke2 Rae8 33. Ke3 Kd8 34. Kd3 Nf2+ 35. Kc3 N2e4+
0-1

[Event "Play like Paul Morphy ?"]
[Site "SchemingMind.com"]
[Date "2014.11.06"]
[Round "-"]
[White "Kid A"]
[Black "David Hartley"]
[Result "1-0"]
[WhiteCountry "FIN"]
[BlackCountry "ENG"]
[WhiteElo "1954"]
[WhiteRD "73"]
[BlackElo "1791"]
[BlackRD "65"]
[GameID "368464"]

1. e4 e5 2. f4 exf4 3. Nf3 Be7 4. Bc4 Nf6 5. e5 Ng4 6. O-O Nc6 7. d4 d5 8. Bd3 g5 9. c3 Be6 10. b4 f6
11. exf6 Bxf6 12. Re1 Kd7 13. b5 Ne7 14. Qe2 Qg8 15. h3 Nh6 16. Nbd2 Re8 17. Nb3 b6 18. a4 Bf5 19. a5 Bxd3 20. Qxd3 Nef5
21. Ne5+ Bxe5 22. dxe5 Qe6 23. c4 c6 24. axb6 axb6 25. Ra7+ Kc8 26. bxc6 Ne7 27. cxd5
1-0

[Event "Play like Paul Morphy ?"]
[Site "SchemingMind.com"]
[Date "2014.11.06"]
[Round "-"]
[White "David Hartley"]
[Black "Kid A"]
[Result "0-1"]
[WhiteCountry "ENG"]
[BlackCountry "FIN"]
[WhiteElo "1791"]
[WhiteRD "65"]
[BlackElo "1954"]
[BlackRD "73"]
[GameID "368465"]

1. e4 e5 2. f4 d5 3. exd5 e4 4. d3 Nf6 5. dxe4 Nxe4 6. Nf3 Bc5 7. Qe2 Bf5 8. Be3 Bxe3 9. Qxe3 O-O 10. Be2 Re8
11. Qb3 Nd7 12. O-O Ndc5 13. Qc4 a6 14. a4 Qf6 15. c3 Qb6 16. Qb4 Qa7 17. Kh1 a5 18. Qd4 Qb6 19. b4 axb4 20. a5 Rxa5
21. Rxa5 Qxa5 22. cxb4 Qa2 23. bxc5 Qxe2 24. Re1 Qf2 25. Nbd2 Qxd4
0-1

[Event "Play like Paul Morphy ?"]
[Site "SchemingMind.com"]
[Date "2014.12.15"]
[Round "-"]
[White "Greg Magne"]
[Black "kenneth m day"]
[Result "1/2-1/2"]
[WhiteCountry "CAN"]
[BlackCountry "USA"]
[WhiteElo "1921"]
[WhiteRD "70"]
[BlackElo "1691"]
[BlackRD "48"]
[GameID "371431"]

1. e4 e5 2. f4 exf4 3. Bc4 Nc6 4. Nf3 g5 5. h4 g4 6. Bxf7+ Kxf7 7. Ng5+ Ke8 8. Qxg4 Nf6 9. Qxf4 Bd6 10. Qe3 Be5
11. c3 Qe7 12. d4 Ng4 13. Qf3 d5 14. dxe5 Ncxe5 15. Qe2 Bd7 16. Bf4 h6 17. Nf3 Nxf3+ 18. gxf3 Nf6 19. exd5 Qxe2+ 20. Kxe2 Nxd5
21. Bd2 Kf7 22. Na3 Rae8+ 23. Kf2 h5 24. Nc4 Rhg8 25. Rhg1 Bb5 26. Ne3 Nf4 27. Rxg8 Rxg8 28. c4 Bc6 29. b3 Nd3+ 30. Ke2 Nf4+
31. Kf2 Nd3+ 32. Ke2 Nf4+ 33. Kf2
1/2-1/2

[Event "Play like Paul Morphy ?"]
[Site "SchemingMind.com"]
[Date "2014.12.15"]
[Round "-"]
[White "kenneth m day"]
[Black "Greg Magne"]
[Result "0-1"]
[WhiteCountry "USA"]
[BlackCountry "CAN"]
[WhiteElo "1691"]
[WhiteRD "48"]
[BlackElo "1921"]
[BlackRD "70"]
[GameID "371432"]

1. e4 e5 2. f4 exf4 3. Nf3 g5 4. Nc3 Nc6 5. d4 g4 6. Bxf4 gxf3 7. gxf3 Bg7 8. Qd2 Nxd4 9. Be2 Ne7 10. O-O-O d6
11. Nd5 Be6 12. Bg5 Bxd5 13. exd5 h6 14. Bh4 Ndf5 15. Bf2 Qd7 16. Qb4 O-O 17. Qg4 c5 18. Bd3 b5 19. Rhg1 c4 20. Be3 cxd3
21. Rxd3 Ng6 22. Bd2 Rfd8 23. f4 Nfe7 24. Qf3 a5 25. Qh5 b4 26. Kb1 Qf5 27. Qf3 Rdb8 28. Qg3 Nxd5 29. Rd1 a4 30. Be1 Ngxf4
31. Qf3 Qe5 32. Bg3 Qxb2#
0-1

[Event "Play like Paul Morphy ?"]
[Site "SchemingMind.com"]
[Date "2015.01.20"]
[Round "-"]
[White "Greg Magne"]
[Black "Scooter"]
[Result "1-0"]
[WhiteCountry "CAN"]
[BlackCountry "USA"]
[WhiteElo "1921"]
[WhiteRD "70"]
[BlackElo "1778"]
[BlackRD "45"]
[GameID "373429"]

1. e4 e5 2. f4 exf4 3. Bc4 d6 4. Nf3 Be6 5. Bxe6 fxe6 6. d4 Nc6 7. Bxf4 Qd7 8. O-O O-O-O 9. c3 h6 10. Nbd2 g5
11. Bg3 Bg7 12. b4 Nge7 13. b5 Na5 14. a4 Rhf8 15. Nb3 Nc4 16. Qd3 d5 17. Nc5 Qe8 18. Nxe6
1-0

[Event "Play like Paul Morphy ?"]
[Site "SchemingMind.com"]
[Date "2015.01.24"]
[Round "-"]
[White "Kid A"]
[Black "Greg Magne"]
[Result "1-0"]
[WhiteCountry "FIN"]
[BlackCountry "CAN"]
[WhiteElo "1969"]
[WhiteRD "71"]
[BlackElo "1901"]
[BlackRD "71"]
[GameID "373634"]

1. e4 e5 2. f4 exf4 3. Nf3 Nf6 4. e5 Nh5 5. Bc4 Bc5 6. d4 Bb6 7. O-O O-O 8. a4 a6 9. a5 Ba7 10. c3 b5
11. axb6 Bxb6 12. b4 Bb7 13. Nbd2 d6 14. e6 fxe6 15. Bxe6+ Kh8 16. Nc4 Nd7 17. Nxb6 Nxb6 18. Qd3 Qf6 19. d5 c6 20. Bg4 Nxd5
21. Bxh5 Nxb4 22. cxb4 Qxa1 23. Ng5 g6 24. Bxg6 hxg6 25. Qxg6 Qg7 26. Bb2 Qxb2 27. Qh7#
1-0

[Event "Play like Paul Morphy ?"]
[Site "SchemingMind.com"]
[Date "2015.01.24"]
[Round "-"]
[White "Greg Magne"]
[Black "Kid A"]
[Result "0-1"]
[WhiteCountry "CAN"]
[BlackCountry "FIN"]
[WhiteElo "1921"]
[WhiteRD "70"]
[BlackElo "1973"]
[BlackRD "74"]
[GameID "373635"]

1. e4 e5 2. f4 d5 3. exd5 e4 4. d3 Nf6 5. Nc3 Bb4 6. Bd2 e3 7. Bxe3 O-O 8. Bd2 Bxc3 9. bxc3 Re8+ 10. Be2 Bg4
11. Kf2 Bxe2 12. Nxe2 Qxd5 13. Ng3 Nc6 14. Qf3 Qc5+ 15. d4 Nxd4 16. cxd4 Qxd4+ 17. Kf1 Qxa1+
0-1